Embedded and real-time operating systems / (Record no. 598421)
[ view plain ]
| 000 -LEADER | |
|---|---|
| fixed length control field | 00237nam a2200097Ia 4500 |
| 008 - FIXED-LENGTH DATA ELEMENTS--GENERAL INFORMATION | |
| fixed length control field | 230907s9999||||xx |||||||||||||| ||und|| |
| 082 ## - DEWEY DECIMAL CLASSIFICATION NUMBER | |
| Classification number | 5.43 |
| Author Mark | WAN |
| 245 #0 - TITLE STATEMENT | |
| Title | Embedded and real-time operating systems / |
| 300 ## - PHYSICAL DESCRIPTION | |
| Extent | 481 p. |
| 942 ## - ADDED ENTRY ELEMENTS (KOHA) | |
| Koha item type | Book |
| Withdrawn status | Lost status | Damaged status | Not for loan | Permanent Location | Current Location | Date acquired | Total Checkouts | Full call number | Barcode | Date last seen | Price effective from | Koha item type |
|---|---|---|---|---|---|---|---|---|---|---|---|---|
| US-Pakistan Center for Advanced Studies in Energy (USPCAS-E) | US-Pakistan Center for Advanced Studies in Energy (USPCAS-E) | 07/18/2019 | 005.43 WAN | CAS-E0002520 | 09/12/2023 | 09/12/2023 | Book |
